Εισαγωγή στη λογική της κβαντομηχανικής : μεταπτυχιακή διατριβή

Η παρούσα εργασία είναι μια εισαγωγή στην θεωρία των καλούμενων ορθο-modular δικτυωτών η οποία προκύπτει απο την μαθηματική θεωρία της κβαντομηχανικής.

Αποθηκεύτηκε σε:
Λεπτομέρειες βιβλιογραφικής εγγραφής
Κύριος συγγραφέας: Φιλιππή, Άννα
Συγγραφή απο Οργανισμό/Αρχή: Πανεπιστήμιο Αιγαίου. Σχολή Θετικών Επιστημών. Τμήμα Μαθηματικών. Μεταπτυχιακό Πρόγραμμα Σπουδών Μαθηματική Μοντελοποίηση στις Φυσικές Επιστήμες και στις Σύγχρονες Τεχνολογίες
Μορφή: Thesis Βιβλίο
Γλώσσα:Greek
Δημοσίευση: 2009.
Θέματα:
Διαθέσιμο Online:http://hdl.handle.net/11610/12191
Ετικέτες: Προσθήκη ετικέτας
Δεν υπάρχουν, Καταχωρήστε ετικέτα πρώτοι!

MARC

LEADER 00000cam a2200000 i 4500
001 1/1441
008 090910s2009 gr | ||| |||| ||gre||
035 |l 10105598 
040 |a GR-MyUa  |b gre  |e AACR2 
041 0 |a gre 
082 7 |a 530.12   |2 (22)  
100 1 |a Φιλιππή, Άννα. 
245 1 0 |a Εισαγωγή στη λογική της κβαντομηχανικής :   |b μεταπτυχιακή διατριβή /   |c Αννα Φιλιππή ; επιβλέπων καθηγητής, Ευάγγελος Φελουζής.  
260 |c 2009.  
300 |a 69 σ. :   |b σχέδια ;   |c 30 εκ.  
500 |a Μέλη της εξεταστικής επιτροπής: Νικόλαος Καραχάλιος, Αγαπητός Χατζηνικήτας, Ευάγγελος Φελουζής.  
502 |a Διατριβή (μεταπτυχιακή) – Πανεπιστήμιο Αιγαίου, Σάμος, 2009. 
504 |a Βιβλιογραφία: σ. 69.  
506 1 |a Διάθεση πλήρους κειμένου ;   |d Ενδοπανεπιστημιακή δημοσίευση.  
520 8 |a Η παρούσα εργασία είναι μια εισαγωγή στην θεωρία των καλούμενων ορθο-modular δικτυωτών η οποία προκύπτει απο την μαθηματική θεωρία της κβαντομηχανικής.  
610 2 0 |a University of the Aegean  |x Dissertations. 
650 0 0 |a Quantum theory. 
650 0 0 |a Hilbert space. 
650 0 0 |a Dissertations, Academic  |z Greece. 
700 1 |a Φελουζής, Βαγγέλης,  |e dgs 
710 2 |a Πανεπιστήμιο Αιγαίου.   |b Σχολή Θετικών Επιστημών.   |b Τμήμα Μαθηματικών.   |b Μεταπτυχιακό Πρόγραμμα Σπουδών Μαθηματική Μοντελοποίηση στις Φυσικές Επιστήμες και στις Σύγχρονες Τεχνολογίες. 
852 |a INST  |b SAMOS  |c DIATR  |e 20090910  |h 530.12 ΦΙΛ  |p 005300031203  |q 005300031203  |t MTXE  |y 23 
852 |a INST  |b SAMOS  |c DIATR  |e 20090910  |h 530.12 ΦΙΛ  |p 005300031204  |q 005300031204  |t MTXE  |y 23 
856 |u http://hdl.handle.net/11610/12191 
901 |a BIBL3-2009-3 
924 |a Φιλιππή  |b Άννα  |y Σάμος  |z 2009-07 
970 |a ΚΟΣΙΕΡΗΣ  |b ΧΡΗΣΤΟΣ  |z 2009/09/10